Company Law (Record no. 9185)

MARC details
000 -LEADER
fixed length control field 00380nam a22001577a 4500
008 - FIXED-LENGTH DATA ELEMENTS--GENERAL INFORMATION
fixed length control field 221031b |||||||| |||| 00| 0 eng d
020 ## - INTERNATIONAL STANDARD BOOK NUMBER
International Standard Book Number 9789388206518
082 ## - DEWEY DECIMAL CLASSIFICATION NUMBER
Classification number 346.07 SIN
100 ## - MAIN ENTRY--PERSONAL NAME
Personal name Singh, Avtar
245 ## - TITLE STATEMENT
Title Company Law
250 ## - EDITION STATEMENT
Edition statement 17th ed
260 ## - PUBLICATION, DISTRIBUTION, ETC.
Place of publication, distribution, etc. Lucknow
Name of publisher, distributor, etc. Eastern Book Company
Date of publication, distribution, etc. 2018
300 ## - PHYSICAL DESCRIPTION
Extent cxlvii, 794 p:
Dimensions 24 cm
650 ## - SUBJECT ADDED ENTRY--TOPICAL TERM
Topical term or geographic name entry element CE Books
942 ## - Added entry Elements (Koha)
Source of classification or shelving scheme Dewey Decimal Classification
Holdings
Withdrawn status Lost status Source of classification or shelving scheme Damaged status Not for loan Collection code Home library Current library Shelving location Date acquired Serial Enumeration / chronology Full call number Barcode Date last seen Price effective from Koha item type Total Checkouts
    Dewey Decimal Classification     CE Textbook RTC Library RTC Library CE Textbook 31/10/2022 17096 346.07 SIN c.7 30015654 31/10/2022 31/10/2022 CE Textbook  
    Dewey Decimal Classification     CE Textbook RTC Library RTC Library CE Textbook 31/10/2022 17095 346.07 SIN c.6 30016463 31/10/2022 31/10/2022 CE Textbook  
    Dewey Decimal Classification     CE Textbook RTC Library RTC Library CE Textbook 31/10/2022 17094 346.07 SIN c.5 30015958 31/10/2022 31/10/2022 CE Textbook  
    Dewey Decimal Classification     CE Textbook RTC Library RTC Library CE Textbook 31/10/2022 17093 346.07 SIN c.4 30016092 31/10/2022 31/10/2022 CE Textbook  
    Dewey Decimal Classification     CE Textbook RTC Library RTC Library CE Textbook 31/10/2022 17091 346.07 SIN c.2 30015663 31/10/2022 31/10/2022 CE Textbook  
    Dewey Decimal Classification     CE Textbook RTC Library RTC Library CE Textbook 31/10/2022 17090 346.07 SIN c.1 30016148 31/10/2022 31/10/2022 CE Textbook  
    Dewey Decimal Classification     CE Textbook RTC Library RTC Library CE Textbook 31/10/2022 17092 346.07 SIN c.3 30016143 31/10/2022 31/10/2022 CE Textbook  
    Dewey Decimal Classification     CE Textbook RTC Library RTC Library CE Textbook 14/11/2022 17296 346.07 SIN c.10 30016257 14/11/2022 14/11/2022 CE Textbook  
    Dewey Decimal Classification     CE Textbook RTC Library RTC Library CE Textbook 14/11/2022 17295 346.07 SIN c.9 30016346 14/11/2022 14/11/2022 CE Textbook  
    Dewey Decimal Classification     CE Textbook RTC Library RTC Library CE Textbook 14/11/2022 17294 346.07 SIN c.8 30016225 14/11/2022 14/11/2022 CE Textbook  
    Dewey Decimal Classification     CE Textbook RTC Library RTC Library CE Textbook 31/01/2023 176840 346.07 SIN c.11 30017816 31/01/2023 31/01/2023 CE Textbook  
Royal Thimphu College || All Right Reserved